[Event "SR 2. liga A 2003/2004"]
[Site "?"]
[Date "2004.01.11"]
[Round "6.4"]
[White "Marko, Vladimir"]
[Black "Djubek, Boris"]
[Result "1-0"]
[WhiteElo "2010"]
[BlackElo "2131"]
[PlyCount "57"]
[EventDate "2003.??.??"]

1. d4 d5 2. Bf4 Nf6 3. Nc3 e6 4. a3 Be7 5. Nf3 O-O 6. e3 Nh5 7. Be5 f6 8. Bg3
Nxg3 9. hxg3 Nd7 10. Bd3 f5 11. g4 Nf6 12. Ne5 g6 13. gxf5 exf5 14. Qf3 c6 15.
O-O-O Bd6 16. Qh3 Qe7 17. f4 Bxe5 18. dxe5 Ne4 19. Bxe4 fxe4 20. g4 Be6 21.
Rdg1 Kh8 22. Ne2 c5 23. Qh6 Qg7 24. f5 Qxh6 25. Rxh6 Kg7 26. Rgh1 Bg8 27. f6+
Kf7 28. Nf4 Rad8 29. Rxh7+ 1-0

[Event "SR 2. liga A 2003/2004"]
[Site "?"]
[Date "2004.01.11"]
[Round "6.5"]
[White "Breja, Stanislav"]
[Black "Tokos, Jozef"]
[Result "1/2-1/2"]
[WhiteElo "2121"]
[BlackElo "2042"]
[PlyCount "32"]
[EventDate "2003.??.??"]

1. e4 c5 2. c3 d5 3. exd5 Qxd5 4. d4 Nf6 5. Nf3 e6 6. Na3 a6 7. Nc4 Qd8 8. a4
Be7 9. Be3 Nd5 10. dxc5 Nxe3 11. Qxd8+ Kxd8 12. fxe3 Bxc5 13. Ng5 Ke7 14. b4
Ba7 15. b5 Nd7 16. g3 Nb6 1/2-1/2

[Event "SR 2. liga A 2003/2004"]
[Site "?"]
[Date "2004.01.11"]
[Round "6.5"]
[White "Doucha, Ludvik"]
[Black "Mandak, Miroslav"]
[Result "1-0"]
[WhiteElo "2122"]
[BlackElo "2084"]
[PlyCount "143"]
[EventDate "2003.??.??"]

1. e4 e5 2. Nf3 Nc6 3. Bb5 a6 4. Ba4 Nf6 5. O-O Be7 6. Re1 b5 7. Bb3 d6 8. c3
O-O 9. h3 Na5 10. Bc2 c5 11. d4 Qc7 12. Nbd2 Nc6 13. dxe5 dxe5 14. Nf1 Rd8 15.
Qe2 h6 16. Ne3 Be6 17. Nh2 b4 18. Nhg4 Nxg4 19. hxg4 bxc3 20. bxc3 Qa5 21. Nd5
Bg5 22. Bxg5 hxg5 23. Qf3 Rd7 24. Bb3 Qd8 25. Rad1 Na5 26. Ba4 Rd6 27. Kh2 Rb8
28. Kg3 Bxd5 29. Rxd5 Rxd5 30. exd5 Qf6 31. Qxf6 gxf6 32. d6 Kf8 33. Rh1 Kg7
34. d7 Nc4 35. Bc2 Rd8 36. Rd1 Kf8 37. Bf5 Ke7 38. Rd5 Nd6 39. Rxc5 Nxf5+ 40.
gxf5 Rxd7 41. Kf3 Kd6 42. Ra5 Ra7 43. Ke4 Kc6 44. a4 Ra8 45. Rd5 Rh8 46. g3 Rh1
47. Rd8 Re1+ 48. Kf3 Rc1 49. Kg2 Ra1 50. Rf8 Rxa4 51. Rxf7 Kd5 52. Rxf6 a5 53.
Ra6 Ke4 54. f6 Rc4 55. f7 Rc8 56. Rxa5 Rf8 57. Ra7 g4 58. c4 Kd4 59. Rc7 e4 60.
Kf1 e3 61. Ke2 exf2 62. Kxf2 Ke5 63. c5 Ra8 64. Rd7 Ke6 65. c6 Ra2+ 66. Ke3
Ra3+ 67. Kf4 Ra4+ 68. Kg5 Ra8 69. Kxg4 Ra4+ 70. Kg5 Ra8 71. g4 Rh8 72. Kg6 1-0

[Event "SR 2. liga A 2003/2004"]
[Site "?"]
[Date "2004.01.11"]
[Round "6.5"]
[White "Gajarsky, Roman"]
[Black "Rohackova, Veronika"]
[Result "1/2-1/2"]
[WhiteElo "2021"]
[BlackElo "2049"]
[PlyCount "69"]
[EventDate "2003.??.??"]

1. e4 e6 2. d4 d5 3. e5 c5 4. c3 Qb6 5. Nf3 Bd7 6. b3 cxd4 7. cxd4 Nc6 8. Bb2
Nh6 9. Bd3 Nb4 10. Be2 Bb5 11. Nc3 Bxe2 12. Nxe2 Rc8 13. Bc3 Be7 14. a3 Nc6 15.
O-O O-O 16. b4 Rc7 17. Qd3 a6 18. Bd2 Nf5 19. g4 Nh4 20. Nxh4 Bxh4 21. g5 Ne7
22. Rac1 Rfc8 23. Rxc7 Rxc7 24. Rc1 Rxc1+ 25. Nxc1 Qb5 26. Qxb5 axb5 27. Ne2
Nc6 28. Be3 f6 29. gxf6 gxf6 30. f4 f5 31. Nc3 Na7 32. Bf2 Be7 33. Kg2 Kf7 34.
Kh3 Kg6 35. Bh4 1/2-1/2

[Event "SR 2. liga A 2003/2004"]
[Site "?"]
[Date "2004.01.11"]
[Round "6.5"]
[White "Samko, Karol"]
[Black "Krchnak, Rudolf"]
[Result "1/2-1/2"]
[WhiteElo "1998"]
[BlackElo "1809"]
[PlyCount "94"]
[EventDate "2003.??.??"]

1. e4 c5 2. Nf3 d6 3. Bb5+ Bd7 4. Bxd7+ Nxd7 5. d4 cxd4 6. Nxd4 Ngf6 7. Nc3 g6
8. O-O Bg7 9. Be3 O-O 10. f4 a6 11. h3 Rc8 12. Nf3 Qa5 13. Kh1 Rfd8 14. Qe1 Re8
15. Rd1 Nc5 16. e5 dxe5 17. Bxc5 Qxc5 18. fxe5 Nh5 19. Rd7 b5 20. a3 Rcd8 21.
e6 f5 22. Nd5 Rc8 23. c3 Nf6 24. Nxf6+ Bxf6 25. Qf2 Qxf2 26. Rxf2 Rc6 27. Re2
Kf8 28. Ne1 Rb8 29. Nd3 Rbb6 30. Nf4 Bg5 31. Nd5 Rxe6 32. Rf2 Rbd6 33. Rxd6
Rxd6 34. Nc7 Bf6 35. Re2 Kf7 36. Rc2 Rd7 37. Nxa6 e5 38. Kg1 e4 39. Kf1 h5 40.
Ke2 g5 41. Nb4 g4 42. hxg4 hxg4 43. Rd2 Rxd2+ 44. Kxd2 f4 45. Ke2 Bg5 46. Nc2
f3+ 47. gxf3 exf3+ 1/2-1/2

[Event "SR 2. liga A 2003/2004"]
[Site "?"]
[Date "2004.01.11"]
[Round "6.5"]
[White "Sarmir, Milos"]
[Black "Kruppa, Dominik"]
[Result "1/2-1/2"]
[WhiteElo "2152"]
[BlackElo "2040"]
[PlyCount "119"]
[EventDate "2003.??.??"]

1. e4 c5 2. Nf3 Nc6 3. d4 cxd4 4. Nxd4 e5 5. Nxc6 bxc6 6. Bc4 Nf6 7. Qe2 Bb4+
8. c3 Be7 9. O-O O-O 10. Bg5 a5 11. Nd2 d5 12. Bd3 d4 13. Nc4 Nd7 14. Bxe7 Qxe7
15. cxd4 exd4 16. f4 Nc5 17. Rac1 Ba6 18. Ne5 Nxd3 19. Nxd3 c5 20. b3 a4 21.
Rfe1 axb3 22. axb3 Rfb8 23. Qc2 Bxd3 24. Qxd3 Rb4 25. Rc4 Rab8 26. Rxb4 Rxb4
27. Rc1 Qd6 28. e5 Qb6 29. Qf5 Qc6 30. Qc2 h6 31. Qxc5 Qxc5 32. Rxc5 Rxb3 33.
Rd5 d3 34. Kf2 Rb2+ 35. Kf3 d2 36. h4 g5 37. hxg5 hxg5 38. f5 Rb4 39. g3 Rb3+
40. Kg4 Rb5 41. Rxd2 Rxe5 42. Kxg5 Kg7 43. Rd7 Ra5 44. g4 Rb5 45. Rd4 Ra5 46.
Kf4 Ra1 47. Rd6 Ra4+ 48. Kg5 Ra5 49. Rd4 Rb5 50. Kf4 Rb1 51. Ke5 Re1+ 52. Kd6
Rg1 53. Ke7 Re1+ 54. Kd8 Rg1 55. Re4 Ra1 56. g5 Rg1 57. Ke7 Rxg5 58. Re5 Rg1
59. Re2 Rg5 60. Re5 1/2-1/2

[Event "SR 2. liga A 2003/2004"]
[Site "?"]
[Date "2004.01.11"]
[Round "6.5"]
[White "Szollos, Ondrej"]
[Black "Mikulas, Dusan"]
[Result "1/2-1/2"]
[WhiteElo "2051"]
[BlackElo "2123"]
[PlyCount "34"]
[EventDate "2003.??.??"]

1. Nf3 d5 2. d3 Nf6 3. c3 e6 4. Qc2 Nbd7 5. e4 e5 6. Be2 c6 7. Bg5 Be7 8. O-O
O-O 9. Re1 Qc7 10. Nbd2 Re8 11. Nf1 dxe4 12. dxe4 Nf8 13. Ne3 Ng6 14. Nf5 h6
15. Nxe7+ Qxe7 16. Be3 Ng4 17. Bd2 Be6 1/2-1/2

[Event "SR 2. liga A 2003/2004"]
[Site "?"]
[Date "2004.01.11"]
[Round "6.6"]
[White "Bury, Rastislav"]
[Black "Hertel, Ondrej"]
[Result "1-0"]
[WhiteElo "2052"]
[BlackElo "1853"]
[PlyCount "143"]
[EventDate "2003.??.??"]

1. c4 e6 2. g3 c5 3. Bg2 Nc6 4. Nc3 g6 5. d3 Bg7 6. Be3 d6 7. Nf3 e5 8. O-O
Nge7 9. Ne1 O-O 10. Nc2 Rb8 11. a3 Nf5 12. Rb1 Ncd4 13. Bd2 Bd7 14. b4 Bc6 15.
Nd5 Ba4 16. Rb2 Bxc2 17. Rxc2 Nxc2 18. Qxc2 Nd4 19. Qd1 h6 20. e3 Nc6 21. Qa4
Ne7 22. Nc3 a6 23. Rb1 Qe8 24. bxc5 dxc5 25. Rxb7 Rxb7 26. Bxb7 Qd8 27. Nd5
Nxd5 28. cxd5 Qd6 29. Bc6 Rb8 30. Qxa6 Rb1+ 31. Kg2 Bf8 32. e4 Kg7 33. a4 Rb2
34. Be3 Qc7 35. Bb5 Bd6 36. Qc6 Qe7 37. a5 Ra2 38. a6 h5 39. Qa8 h4 40. g4 Ra1
41. Bc6 h3+ 42. Kxh3 Qf6 43. Kg2 Qh4 44. Qc8 Rxa6 45. h3 Ra1 46. Qd7 Qe7 47.
Qc8 Rb1 48. g5 Rb8 49. Qg4 Qc7 50. h4 Rh8 51. Kg3 Qa5 52. Qd1 Rb8 53. Bd7 Qa2
54. h5 gxh5 55. Qxh5 Rh8 56. Qd1 Qa7 57. Bg4 Qa2 58. Bh5 Qa6 59. Qf3 Qb7 60.
Qf6+ Kg8 61. Bxf7+ Qxf7 62. Qxd6 Qh5 63. Qe6+ Kg7 64. Qxe5+ Kg8 65. Qe6+ Kg7
66. Qf6+ Kg8 67. Bxc5 Qh2+ 68. Kf3 Rh3+ 69. Ke2 Qg2 70. Qf8+ Kh7 71. Qf7+ Kh8
72. Bd4# 1-0

[Event "SR 2. liga A 2003/2004"]
[Site "?"]
[Date "2004.01.11"]
[Round "6.6"]
[White "Hanzluvka, Peter"]
[Black "Sekera, Branislav"]
[Result "1-0"]
[WhiteElo "2071"]
[BlackElo "2122"]
[PlyCount "118"]
[EventDate "2003.??.??"]

1. e4 d6 2. d4 c6 3. Nf3 Qc7 4. Be2 Bg4 5. Nc3 e5 6. d5 c5 7. Ng5 Bxe2 8. Qxe2
a6 9. a4 b6 10. Nd1 g6 11. Ne3 Bg7 12. Nc4 h6 13. Nf3 Ne7 14. Bd2 O-O 15. O-O
Nd7 16. Ne1 f5 17. f3 Kh7 18. Nd3 Nf6 19. Kh1 Rab8 20. Rfb1 Qd7 21. b4 b5 22.
axb5 axb5 23. Na3 c4 24. Nf2 Rf7 25. c3 Rbf8 26. Rf1 g5 27. Nc2 f4 28. Ra5 h5
29. h3 Neg8 30. Kh2 Nh6 31. Rh1 Kg6 32. Kg1 Rb8 33. Na3 Bf8 34. Kf1 Be7 35. Ke1
Bd8 36. Ra6 Bb6 37. Nc2 Qb7 38. Ra1 Rh8 39. Bc1 g4 40. hxg4 Bxf2+ 41. Qxf2 hxg4
42. g3 gxf3 43. Qxf3 Nfg4 44. gxf4 exf4 45. Nd4 Re8 46. Ne6 Qd7 47. Nxf4+ Kh7
48. Ra2 Qf5 49. Re2 Qg5 50. Kd1 Ne5 51. Qg2 Qxg2 52. Nxg2 Neg4 53. Kc2 Kg7 54.
Nf4 Ra8 55. Ne6+ Kg6 56. Rg2 Rh7 57. Rxh6+ Rxh6 58. Bxh6 Kh5 59. Bd2 Ne5 1-0

[Event "SR 2. liga A 2003/2004"]
[Site "?"]
[Date "2004.01.11"]
[Round "6.6"]
[White "Hefka, Vladimir"]
[Black "Toth_Vano, Peter"]
[Result "1-0"]
[WhiteElo "2001"]
[BlackElo "2052"]
[PlyCount "76"]
[EventDate "2003.??.??"]

1. d4 d5 2. c4 e6 3. Nf3 Nf6 4. e3 Be7 5. Nc3 O-O 6. Qc2 Nbd7 7. Be2 c6 8. O-O
dxc4 9. Bxc4 Qc7 10. e4 e5 11. Ne2 exd4 12. Bf4 Bd6 13. Bxd6 Qxd6 14. Nexd4 Ne5
15. Rfe1 Bg4 16. Nxe5 Qxe5 17. Nf5 Rad8 18. Ng3 Rfe8 19. h3 Bh5 20. Nxh5 Nxh5
21. Rad1 Nf4 22. Rxd8 Rxd8 23. Rd1 Qg5 24. Rxd8+ Qxd8 25. Qb3 Qd7 26. Qe3 Qd1+
27. Kh2 Ne6 28. Bxe6 fxe6 29. Qxa7 Qd6+ 30. g3 b5 31. Kg2 c5 32. Qa8+ Kf7 33.
Qb7+ Kf6 34. Qxb5 Qd4 35. Qe2 Ke7 36. Qe3 Qxb2 37. Qxc5+ Kf6 38. a4 Qe2 {
bilely vyhral asi v 49 tahu, oba partiare su necitatelne a s takymi chybami,
ze sa zvysok neda zrekonstruovat. D.H.} 1-0

[Event "SR 2. liga A 2003/2004"]
[Site "?"]
[Date "2004.01.11"]
[Round "6.6"]
[White "Raczko, Peter"]
[Black "Puchart, Vladimir"]
[Result "1/2-1/2"]
[WhiteElo "2090"]
[BlackElo "2145"]
[PlyCount "48"]
[EventDate "2003.??.??"]

1. e4 c5 2. c3 Nf6 3. e5 Nd5 4. d4 e6 5. Nf3 cxd4 6. cxd4 d6 7. Bc4 Nc6 8. O-O
Be7 9. Nc3 Nxc3 10. bxc3 O-O 11. exd6 Qxd6 12. a4 Qc7 13. Bd3 Qa5 14. Bd2 Qh5
15. Ng5 Qxd1 16. Rfxd1 h6 17. Nf3 Bd6 18. Be4 Bd7 19. d5 exd5 20. Bxd5 Be7 21.
Be3 Rfd8 22. Bxc6 Bxc6 23. Nd4 a6 24. Nxc6 bxc6 1/2-1/2

[Event "SR 2. liga A 2003/2004"]
[Site "?"]
[Date "2004.01.11"]
[Round "6.6"]
[White "Vrba, Michal"]
[Black "Pacher, Milan"]
[Result "0-1"]
[WhiteElo "1863"]
[BlackElo "2051"]
[PlyCount "100"]
[EventDate "2003.??.??"]

1. c4 Nf6 2. Nc3 g6 3. g3 Bg7 4. Bg2 O-O 5. e3 e5 6. Nge2 c6 7. d4 d6 8. O-O
Bg4 9. h3 Bxe2 10. Nxe2 Nbd7 11. Rb1 d5 12. Qb3 exd4 13. Qxb7 d3 14. Nf4 dxc4
15. Bxc6 Nb6 16. Bd2 Rc8 17. Bf3 Rc7 18. Qa6 g5 19. Nh5 Nxh5 20. Bxh5 Qc8 21.
Qa5 h6 22. Bg4 f5 23. Bf3 Re8 24. Rfc1 Re5 25. Qb4 Qa6 26. a3 Qb5 27. Qd6 Rd7
28. Qb8+ Kf7 29. Bh5+ Kf6 30. Bc3 Qc5 31. Qe8 Rc7 32. Qg6+ Ke7 33. Qxg7+ Kd6
34. Bb4 Rxg7 35. Bxc5+ Rxc5 36. Bf3 Rb5 37. b3 Rxb3 38. Rxb3 cxb3 39. Rb1 Kc5
40. Rxb3 Kc4 41. Rb4+ Kc3 42. Kf1 Nc4 43. Bd1 Rg6 44. Ke1 Rb6 45. Rxb6 axb6 46.
a4 Nb2 47. f4 gxf4 48. exf4 Nxd1 49. Kxd1 h5 50. h4 d2 0-1

[Event "SR 2. liga A 2003/2004"]
[Site "?"]
[Date "2004.01.11"]
[Round "6.6"]
[White "Zak, Daniel"]
[Black "Kasanicky, Robert"]
[Result "0-1"]
[WhiteElo "1718"]
[BlackElo "1982"]
[PlyCount "58"]
[EventDate "2003.??.??"]

1. e4 e5 2. Nf3 Nc6 3. Bc4 Bc5 4. O-O d6 5. h3 Nf6 6. d3 Be6 7. Bxe6 fxe6 8.
Nc3 O-O 9. Na4 Bb6 10. Nxb6 axb6 11. Ng5 Qe8 12. f4 exf4 13. Rxf4 h6 14. Nf3 g5
15. Nxg5 hxg5 16. Rf3 Qh5 17. d4 Rf7 18. Qd3 Nh7 19. Rg3 Raf8 20. Be3 Rg7 21.
Qd2 Nf6 22. Qd3 g4 23. Rf1 gxh3 24. Rxg7+ Kxg7 25. d5 hxg2 26. Bh6+ Qxh6 27.
Qg3+ Kh7 28. Rf4 Qh1+ 29. Kf2 Nxe4+ 0-1

[Event "SR 2. liga A 2003/2004"]
[Site "?"]
[Date "2004.01.11"]
[Round "6.7"]
[White "Bilovsky, Milan"]
[Black "Smrek, Peter"]
[Result "1-0"]
[WhiteElo "1870"]
[BlackElo "1713"]
[PlyCount "57"]
[EventDate "2003.??.??"]

1. c4 e5 2. Nc3 Nf6 3. g3 Bc5 4. Bg2 O-O 5. e3 a6 6. Nge2 d6 7. d4 exd4 8. exd4
Bb4 9. O-O Nbd7 10. a3 Bxc3 11. Nxc3 c6 12. b4 Re8 13. Bf4 Nb6 14. d5 cxd5 15.
Nxd5 Nfxd5 16. cxd5 Bf5 17. Rc1 Rc8 18. Qd4 Rxc1 19. Rxc1 h6 20. h3 Nc8 21. Qc4
Qd7 22. g4 Bg6 23. Qc7 Qb5 24. Bxd6 Nxd6 25. Qxd6 Be4 26. Qc5 Qd3 27. Re1 Qd2
28. Qe3 Qxd5 29. Bxe4 1-0

[Event "SR 2. liga A 2003/2004"]
[Site "?"]
[Date "2004.01.11"]
[Round "6.7"]
[White "Isa, Vlastimil"]
[Black "Priam, Stefan"]
[Result "0-1"]
[WhiteElo "2007"]
[BlackElo "1953"]
[PlyCount "146"]
[EventDate "2003.??.??"]

1. e4 e6 2. d4 d5 3. Nd2 c5 4. Ngf3 Nc6 5. c3 Nf6 6. e5 Nd7 7. Nb3 cxd4 8. cxd4
Bb4+ 9. Bd2 O-O 10. Bxb4 Nxb4 11. a3 Nc6 12. Bd3 f6 13. exf6 Qxf6 14. O-O e5
15. dxe5 Ncxe5 16. Nxe5 Nxe5 17. Be2 Rd8 18. Nd4 Qg6 19. Qb3 Rb8 20. Rad1 Kh8
21. Rfe1 Nf7 22. Bd3 Qg5 23. Nf3 Qh5 24. Be2 Bg4 25. Nd4 Ne5 26. Qg3 Bxe2 27.
Rxe2 Ng6 28. Rde1 h6 29. Ne6 Rg8 30. Qc7 Rbc8 31. Qa5 Qg4 32. h3 Qf5 33. Qxa7
b5 34. Nd4 Qd3 35. Nf3 Nf4 36. Re3 Qg6 37. Nh4 Qg5 38. Qe7 d4 39. Rg3 Qxe7 40.
Rxe7 d3 41. Rg4 d2 42. Rd7 Rc1+ 43. Kh2 d1=Q 44. Rxd1 Rxd1 45. Rxf4 g5 46. Rf6
Kg7 47. Rg6+ Kh7 48. Rxg8 Kxg8 49. Nf5 Kh7 50. Kg3 Rd2 51. b4 Rd3+ 52. f3 Rxa3
53. Nd4 Kg6 54. Nxb5 Rb3 55. Nd6 Rxb4 56. Ne4 h5 57. Kf2 Kf5 58. Ng3+ Kg6 59.
Ne4 h4 60. Ke2 Kf5 61. Kf2 Kf4 62. Kg1 Rb1+ 63. Kf2 Rd1 64. Ke2 Rd4 65. Kf2 Rb4
66. Ke2 Rb5 67. Kf2 Rb2+ 68. Kf1 Ke3 69. Kg1 Ke2 70. Nc3+ Ke1 71. Ne4 Rb1 72.
Kh2 Rc1 73. Nxg5 Kf1 0-1

[Event "SR 2. liga A 2003/2004"]
[Site "?"]
[Date "2004.01.11"]
[Round "6.7"]
[White "Kollarik, Gorazd"]
[Black "Machalova, Erika"]
[Result "1/2-1/2"]
[WhiteElo "1826"]
[BlackElo "1988"]
[PlyCount "116"]
[EventDate "2003.??.??"]

1. d4 Nf6 2. c4 e6 3. Nc3 Bb4 4. Nf3 O-O 5. Qc2 d5 6. e3 c5 7. dxc5 Qa5 8. Bd2
Qxc5 9. cxd5 Nxd5 10. Rc1 Nc6 11. Nxd5 Qxd5 12. Bc4 Qd6 13. O-O Qe7 14. Rfd1
Bd6 15. Bc3 Rd8 16. Rd2 e5 17. e4 Bg4 18. Be2 Be6 19. a3 Rac8 20. Rcd1 h6 21.
b4 a6 22. Qb2 f6 23. h3 Na7 24. Rc2 Rc6 25. Rdc1 Rdc8 26. Bd2 Rxc2 27. Rxc2
Rxc2 28. Qxc2 Qd7 29. a4 Qe7 30. b5 axb5 31. axb5 Bc5 32. Qb2 Nc8 33. Ne1 Nb6
34. Nc2 Nc4 35. Bxc4 Bxc4 36. Be3 Bd6 37. f3 Kh7 38. Kh2 Qc7 39. b6 Qe7 40. Bg1
Be6 41. Qb5 Bd7 42. Qc4 Be6 43. Qb5 f5 44. Ne3 fxe4 45. fxe4 Qf7 46. Kh1 Qf4
47. Qd3 Bc5 48. Nf1 Qc1 49. Bxc5 Qxc5 50. Qe3 Qb4 51. Nd2 Bf7 52. Kh2 Bg6 53.
h4 Qb5 54. g3 Qc6 55. Kg2 Kh8 56. Kf3 Qc2 57. g4 Qd1+ 58. Kg3 h5 1/2-1/2

[Event "SR 2. liga A 2003/2004"]
[Site "?"]
[Date "2004.01.11"]
[Round "6.7"]
[White "Mosny, Jaroslav"]
[Black "Deak, Gabriel"]
[Result "0-1"]
[WhiteElo "2051"]
[BlackElo "2058"]
[PlyCount "76"]
[EventDate "2003.??.??"]

1. d4 Nf6 2. c4 e6 3. Nc3 Bb4 4. e3 O-O 5. Nge2 d5 6. a3 Be7 7. Ng3 b6 8. Bd3
dxc4 9. Bxc4 Bb7 10. O-O Nbd7 11. Qe2 c5 12. b3 Rc8 13. Bb2 cxd4 14. exd4 Bd6
15. Rfd1 Re8 16. Nce4 Bb8 17. Bb5 Rf8 18. Rac1 Nxe4 19. Nxe4 Rxc1 20. Rxc1 Nf6
21. Bc6 Bxc6 22. Nxf6+ Qxf6 23. Rxc6 Qf5 24. Qc2 Qxc2 25. Rxc2 Rd8 26. Kf1 Kf8
27. Ke2 Ke7 28. g3 Rd5 29. a4 Kd7 30. Ke3 b5 31. Ba3 bxa4 32. bxa4 Ra5 33. Rc4
Bd6 34. Bxd6 Kxd6 35. Ke4 g5 36. h3 f5+ 37. Kd3 Ra6 38. Rb4 h5 {time} 0-1

[Event "SR 2. liga A 2003/2004"]
[Site "?"]
[Date "2004.01.11"]
[Round "6.7"]
[White "Palka, Miroslav"]
[Black "Karlik, Lubomir"]
[Result "1/2-1/2"]
[WhiteElo "2055"]
[BlackElo "1903"]
[PlyCount "56"]
[EventDate "2003.??.??"]

1. c4 c5 2. Nc3 Nf6 3. e4 Nc6 4. g3 g6 5. Bg2 Bg7 6. Nge2 O-O 7. O-O d6 8. h3
Bd7 9. d3 Ne8 10. Be3 Nc7 11. Qd2 Rb8 12. Bh6 b5 13. Bxg7 Kxg7 14. b3 b4 15.
Nd5 Ne6 16. Ndf4 Ned4 17. Nxd4 Nxd4 18. Ne2 Nxe2+ 19. Qxe2 e5 20. f4 f6 21. Kh2
a5 22. a4 bxa3 23. Rxa3 a4 24. bxa4 Qa5 25. Rfa1 Rb4 26. Qd2 Rfb8 27. R1a2 R8b6
28. Qc3 Rb8 1/2-1/2

[Event "SR 2. liga A 2003/2004"]
[Site "?"]
[Date "2004.01.11"]
[Round "6.7"]
[White "Syrovy, Ivan"]
[Black "Hecht, Tomas"]
[Result "1/2-1/2"]
[WhiteElo "2067"]
[BlackElo "2034"]
[PlyCount "117"]
[EventDate "2003.??.??"]

1. e4 c5 2. Nf3 Nc6 3. d4 cxd4 4. Nxd4 g6 5. c4 Bg7 6. Be3 Nf6 7. Nc3 Ng4 8.
Qd2 Nxe3 9. fxe3 d6 10. Be2 O-O 11. O-O-O Bd7 12. h4 Bh6 13. g4 Nxd4 14. Qxd4
Bg7 15. Qd2 Qa5 16. Kb1 Qe5 17. Rdg1 Bc6 18. Bd3 a6 19. h5 b5 20. h6 Bh8 21.
Rh5 g5 22. Rf1 Bd7 23. Rf5 Bxf5 24. exf5 Bf6 25. cxb5 axb5 26. e4 b4 27. Nd5
Qd4 28. Rh1 b3 29. Nxf6+ exf6 30. axb3 Rfc8 31. Rc1 Rxc1+ 32. Kxc1 Rc8+ 33. Bc4
Qxd2+ 34. Kxd2 Kf8 35. Kd3 Rb8 36. b4 Ke7 37. b5 Kd7 38. Bxf7 Kc7 39. Kd4 Kb6
40. Bc4 Re8 41. Be6 Kc7 42. Kd5 Rb8 43. Bf7 Kd7 44. Kc4 Rc8+ 45. Kb4 Rc2 46. b6
Rxb2+ 47. Ka5 Kc8 48. Bg6 Rh2 49. Bxh7 Rxh6 50. Bg6 Rh1 51. Kb5 Rb1+ 52. Kc6
Rb4 53. Kxd6 Rxe4 54. Bf7 Rxg4 55. Ke6 Rb4 56. Kxf6 g4 57. Bd5 Rxb6+ 58. Ke7
Kc7 59. f6 1/2-1/2

[Event "SR 2. liga A 2003/2004"]
[Site "?"]
[Date "2004.01.11"]
[Round "6.8"]
[White "Diviak, Rastislav"]
[Black "Peska, Juraj"]
[Result "1/2-1/2"]
[WhiteElo "1920"]
[BlackElo "1727"]
[PlyCount "54"]
[EventDate "2003.??.??"]

1. e4 c5 2. Nf3 Nc6 3. d4 cxd4 4. Nxd4 Nf6 5. Nc3 d6 6. Bg5 e6 7. Qd2 Be7 8.
O-O-O a6 9. f4 Bd7 10. Be2 b5 11. e5 dxe5 12. Nxc6 Bxc6 13. Qe3 Nd5 14. Nxd5
Bxd5 15. Bf3 exf4 16. Bxf4 O-O 17. Rd3 Bf6 18. Qd2 Qb6 19. Be3 Qc6 20. Rxd5
exd5 21. Bxd5 Qc7 22. Bxa8 Rxa8 23. Bf4 Be5 24. Rf1 Bxf4 25. Qxf4 Qxf4+ 26.
Rxf4 Rd8 27. Re4 Kf8 1/2-1/2

[Event "SR 2. liga A 2003/2004"]
[Site "?"]
[Date "2004.01.11"]
[Round "6.8"]
[White "Dzavik, Jozef"]
[Black "Stetina, Erik"]
[Result "1/2-1/2"]
[WhiteElo "1967"]
[BlackElo "1749"]
[PlyCount "84"]
[EventDate "2003.??.??"]

1. d4 d5 2. Nf3 Nf6 3. c4 e6 4. e3 Be7 5. Bd3 dxc4 6. Bxc4 O-O 7. O-O Nbd7 8.
Nc3 b6 9. Qe2 c5 10. d5 exd5 11. Nxd5 Bb7 12. Nxe7+ Qxe7 13. b3 Ng4 14. Bb2
Nde5 15. Nd2 Nxh2 16. Rfd1 Nhg4 17. Nf1 Nxc4 18. Qxc4 Qg5 19. Qf4 Qxf4 20. exf4
Rad8 21. f3 Nh6 22. Ne3 f6 23. Rxd8 Rxd8 24. Rd1 Rxd1+ 25. Nxd1 Nf5 26. Kf2 Kf7
27. Ne3 Ne7 28. g4 Nc6 29. a3 Na5 30. b4 Nb3 31. Bc3 cxb4 32. axb4 a5 33. Nc4
axb4 34. Bxb4 Ke6 35. Nxb6 Nd4 36. f5+ Kf7 37. f4 h6 38. Nc4 Ba6 39. Ne3 Nc6
40. Bc5 Bd3 41. Kg3 Be4 42. Nc4 Bd3 1/2-1/2

[Event "SR 2. liga A 2003/2004"]
[Site "?"]
[Date "2004.01.11"]
[Round "6.8"]
[White "Gono, Jozef"]
[Black "Pribila, Michal"]
[Result "1/2-1/2"]
[WhiteElo "1620"]
[BlackElo "1536"]
[PlyCount "128"]
[EventDate "2003.??.??"]

1. c4 Nf6 2. Nc3 e6 3. e3 d5 4. d4 Bb4 5. Qb3 Nc6 6. a3 Bxc3+ 7. Qxc3 O-O 8.
Bd3 Re8 9. Nf3 Bd7 10. O-O Rc8 11. Ne5 Ne7 12. b3 dxc4 13. bxc4 c5 14. Qb2 b6
15. a4 cxd4 16. exd4 Nc6 17. Nxc6 Bxc6 18. Be3 h6 19. Qc2 Bb7 20. Rac1 Qd7 21.
h3 Qc6 22. f3 Qd7 23. Rfe1 Red8 24. Red1 Qe7 25. Qb3 Rd7 26. Bf2 Kh8 27. c5 Bd5
28. Qb2 bxc5 29. dxc5 Rb7 30. Qe2 Rb4 31. Bb5 Bb3 32. Qd2 Nd5 33. Re1 Qc7 34.
Re4 a5 35. c6 Rxe4 36. fxe4 Nb4 37. Qd7 Qxd7 38. cxd7 Rxc1+ 39. Kh2 Rd1 40. Bb6
Bc2 41. Bxa5 Na2 42. e5 Kg8 43. Bc7 Rxd7 44. Bxd7 Nc3 45. a5 Bd3 46. Bc6 Ba6
47. Kg3 Nb5 48. Bb6 Na3 49. Be4 g6 50. Kf2 Kg7 51. g4 f6 52. exf6+ Kxf6 53. Kf3
Nc4 54. Bc7 Nd2+ 55. Kf4 g5+ 56. Ke3 Nxe4 57. Kxe4 Bb7+ 58. Kd4 Bg2 59. Be5+
Kg6 60. a6 Bxh3 61. a7 Bg2 62. Kc5 h5 63. gxh5+ Kxh5 64. Kd6 Bd5 1/2-1/2

[Event "SR 2. liga A 2003/2004"]
[Site "?"]
[Date "2004.01.11"]
[Round "6.8"]
[White "Kubik, Peter"]
[Black "Vach, Pavol"]
[Result "0-1"]
[WhiteElo "1784"]
[BlackElo "2148"]
[PlyCount "72"]
[EventDate "2003.??.??"]

1. e4 e5 2. Nf3 Nf6 3. Nc3 Nc6 4. Bb5 d6 5. O-O Bd7 6. d4 exd4 7. Nxd4 Be7 8.
Re1 O-O 9. b3 Nxd4 10. Qxd4 c6 11. Be2 Qc7 12. Bf3 Bg4 13. Bxg4 Nxg4 14. Bf4
Bf6 15. Qd2 Qa5 16. e5 Nxe5 17. Ne4 Qxd2 18. Nxf6+ gxf6 19. Bxd2 Rfe8 20. c4
Nd3 21. Re3 Rxe3 22. Bxe3 Nb4 23. a3 Nc2 24. Ra2 Nxe3 25. fxe3 Kf8 26. Kf2 Ke7
27. Kf3 Ke6 28. Rd2 Rd8 29. Kf4 d5 30. cxd5+ Rxd5 31. Rxd5 Kxd5 32. Kf5 c5 33.
Kxf6 b5 34. h4 c4 35. bxc4+ bxc4 36. h5 c3 0-1

[Event "SR 2. liga A 2003/2004"]
[Site "?"]
[Date "2004.01.11"]
[Round "6.8"]
[White "Milanov, Jasen"]
[Black "Antala, Jan"]
[Result "1-0"]
[WhiteElo "2046"]
[BlackElo "1918"]
[PlyCount "105"]
[EventDate "2003.??.??"]

1. c4 f5 2. Nc3 Nf6 3. d4 e6 4. Nf3 Be7 5. Bf4 O-O 6. e3 d6 7. Bd3 Qe8 8. Qb3
Kh8 9. O-O-O c6 10. Ng5 Ng4 11. Qc2 e5 12. h3 Nh6 13. dxe5 dxe5 14. Nxh7 Kxh7
15. Bxe5 Nd7 16. Bf4 Nc5 17. g4 Nxd3+ 18. Qxd3 Be6 19. g5 Rd8 20. Qe2 Rxd1+ 21.
Nxd1 Ng8 22. h4 b5 23. cxb5 cxb5 24. Kb1 Bc4 25. Qe1 Qc6 26. e4 Qxe4+ 27. Qxe4
fxe4 28. Be3 Rc8 29. a3 a5 30. h5 g6 31. Nc3 b4 32. Na4 bxa3 33. bxa3 Bxa3 34.
Nb6 Bd3+ 35. Ka2 Bb4 36. Nxc8 Bc4+ 37. Kb2 Be6 38. hxg6+ Kxg6 39. Nb6 Be7 40.
Rg1 Bb4 41. Rh1 Bf8 42. Rh4 Bg7+ 43. Ka3 Kf5 44. Na4 Bf8+ 45. Kb2 Bd6 46. Nc3
Be5 47. Kc2 Ne7 48. Nxe4 Ng6 49. Rh6 a4 50. Nc5 Bd5 51. Nxa4 Be4+ 52. Kd2 Bf4
53. Rxg6 1-0

[Event "SR 2. liga A 2003/2004"]
[Site "?"]
[Date "2004.01.11"]
[Round "6.8"]
[White "Prielozny, Marek"]
[Black "Cambel, Vladimir"]
[Result "0-1"]
[WhiteElo "1924"]
[BlackElo "2019"]
[PlyCount "42"]
[EventDate "2003.??.??"]

1. d4 Nf6 2. Nf3 g6 3. Bg5 Bg7 4. Nbd2 d5 5. e3 O-O 6. Bd3 c5 7. c3 Nc6 8. O-O
Bg4 9. h3 Bxf3 10. Nxf3 Ne4 11. Bf4 f6 12. Bxe4 dxe4 13. Nd2 cxd4 14. exd4 Qd5
15. Qe2 g5 16. Bg3 f5 17. f3 e3 18. Nb3 f4 19. Be1 b5 20. Nc5 Bxd4 21. Ne4 Bg7
0-1

[Event "SR 2. liga A 2003/2004"]
[Site "?"]
[Date "2004.01.25"]
[Round "7.1"]
[White "Kleman, Miroslav"]
[Black "Smolen, Jan"]
[Result "0-1"]
[WhiteElo "2158"]
[BlackElo "2256"]
[PlyCount "88"]
[EventDate "2003.??.??"]

1. d4 Nf6 2. Nf3 g6 3. g3 Bg7 4. Bg2 O-O 5. O-O c6 6. c3 d6 7. Re1 Qc7 8. Nbd2
e5 9. Qc2 Nbd7 10. b3 Re8 11. e4 b5 12. a4 a5 13. Bb2 Nb6 14. axb5 cxb5 15. Qd3
Bb7 16. d5 Ba6 17. Bf1 b4 18. c4 Nfd7 19. Qc2 Bc8 20. Rac1 Nc5 21. Ng5 Bh6 22.
h4 Qe7 23. Ngf3 f5 24. Bd3 f4 25. Bf1 Rf8 26. Bg2 fxg3 27. fxg3 Bg4 28. Ra1 a4
29. bxa4 b3 30. Qb1 Nbxa4 31. Rf1 Nxb2 32. Qxb2 Be3+ 33. Kh2 Rab8 34. Rae1 Nd3
35. Qc3 Nxe1 36. Rxe1 Bxd2 37. Nxd2 b2 38. Rb1 Qb7 39. c5 Qb4 40. Qxb4 Rxb4 41.
cxd6 Rf2 42. Nf1 Bf3 43. Ne3 Bxe4 44. d7 Rb8 0-1